Kandukoori-Veerisalingam (Record no. 1044984)

MARC details
000 -LEADER
fixed length control field 00571nam a2200229Ia 4500
003 - CONTROL NUMBER IDENTIFIER
control field OSt
005 - DATE AND TIME OF LATEST TRANSACTION
control field 20221005122646.0
008 - FIXED-LENGTH DATA ELEMENTS--GENERAL INFORMATION
fixed length control field 221004b |||||||| |||| 00| 0 tam d
020 ## - INTERNATIONAL STANDARD BOOK NUMBER
International Standard Book Number tugl
037 ## - SOURCE OF ACQUISITION
Terms of availability Textual
040 ## - CATALOGING SOURCE
Original cataloging agency CRL
Transcribing agency CRL
Language of cataloging tam
041 ## - LANGUAGE CODE
Source of code tam
Language code of text/sound track or separate title tam
100 ## - MAIN ENTRY--PERSONAL NAME
Personal name Kudumbarau
9 (RLIN) 632384
245 #0 - TITLE STATEMENT
Title Kandukoori-Veerisalingam
650 ## - SUBJECT ADDED ENTRY--TOPICAL TERM
Topical term or geographic name entry element TELUGU LITERATURE
942 ## - ADDED ENTRY ELEMENTS (KOHA)
Classification part O35,3M48w, 31L3
Koha item type Textual
Source of classification or shelving scheme
Holdings
Withdrawn status Lost status Damaged status Not for loan Home library Current library Date acquired Total Checkouts Full call number Barcode Date last seen Price effective from Koha item type Public note
        Central Library Central Library 2022-10-05   O35,3M48w 31L3 CL0361976 2022-10-05 2022-10-05 Textual Translated from Teluge to Tamil
Copyright @ Delhi University Library System